| 000 | 01022nam a22002535a 4500 | ||
|---|---|---|---|
| 003 | OSt | ||
| 005 | 20160828120041.0 | ||
| 008 | 160828s2015 ua frb 000 0 ara d | ||
| 015 | _a2015/1735 | ||
| 020 | _a9789771031130 | ||
| 040 |
_aEG-ScBUE _bara _cEG-ScBUE |
||
| 082 | 0 | 4 |
_a342 _bع ي س _222 |
| 100 | 1 |
_aالعيساوي، عبد المجيد حمادي، _d1958- _940919 |
|
| 245 | 1 | 4 |
_aالسلطة التأسيسية في القانون الدستوري الوضعي والفقه الدستوري الإسلامي : _bدراسة مقارنة / _cعبد المجيد حمادي العيساوي. |
| 250 | _aط. 1. | ||
| 260 |
_aالقاهرة : _bدار الفكر العربي، _c2015. |
||
| 300 |
_a314 ص. ؛ _c24 سم. |
||
| 504 | _aيشتمل على إرجاعات ببليوجرافية. | ||
| 650 | 7 |
_aالقانون الدستوري. _2BUEsh _940921 |
|
| 650 | 7 |
_aالقانون الدستوري (فقه إسلامي) _2BUEsh _940918 |
|
| 651 | _2BUEsh | ||
| 653 |
_bLLAAWW _cAugust 2016 |
||
| 942 | _2ddc | ||
| 999 |
_c22251 _d22223 |
||